书目信息 |
| 题名: |
刀尖上的舞者
|
|
| 作者: | 韩保江 著 | |
| 分册: | ||
| 出版信息: | 北京 时事出版社 2004 |
|
| 页数: | 449页 | |
| 开本: | 21cm | |
| 丛书名: | ||
| 单 册: | ||
| 中图分类: | F279.23 | |
| 科图分类: | ||
| 主题词: | 企业--经理负责制--案例--研究--中国 , 企业 , 经理负责制 | |
| 电子资源: | ||
| ISBN: | 7-80009-802-8 | |
| 000 | 00715nam0 2200241 45 | |
| 001 | 012004000000 | |
| 005 | 20041013085850.95 | |
| 010 | @a7-80009-802-8@dCNY 28.00 | |
| 100 | @a20040630d2004 em y0chiy0121 ea | |
| 101 | 0 | @achi |
| 102 | @aCN@b110000 | |
| 105 | @ay z 000yy | |
| 200 | 1 | @a刀尖上的舞者@Adao jian shang de wu zhe@e关于中国职业经理人制度建设的案例研究@f韩保江著 |
| 210 | @a北京@c时事出版社@d2004 | |
| 215 | @a449页@d21cm | |
| 517 | 1 | @a关于中国职业经理人制度建设的案例研究 |
| 606 | 0 | @a企业@x经理负责制@x案例@x研究@y中国 |
| 606 | 0 | @a企业 |
| 606 | 0 | @a经理负责制 |
| 690 | @aF279.23@v4 | |
| 701 | 0 | @a韩保江@Ahan bao jiang@4著 |
| 801 | 0 | @aCN@bQSSK@c20041013 |
| 905 | @a10447@dF279.23@eH070 | |
| 刀尖上的舞者:关于中国职业经理人制度建设的案例研究/韩保江著.-北京:时事出版社,2004 |
| 449页;21cm |
| ISBN 7-80009-802-8:CNY 28.00 |
| ● |
| 相关链接 |
|
|
|
正题名:刀尖上的舞者
索取号:F279.23/H070
 
预约/预借
| 序号 | 登录号 | 条形码 | 馆藏地/架位号 | 状态 | 备注 |
| 1 | 399884 | 203998843 | 社科库409/422社科库 37排2列2层/ [索取号:F279.23/H070] | 在馆 | |
| 2 | 399885 | 203998852 | 社科库409/409社科库 98排4列1层/ [索取号:F279.23/H070] | 在馆 | |
| 3 | 399886 | 203998861 | 社科库409/409社科库 98排4列1层/ [索取号:F279.23/H070] | 在馆 |